000 00872nas a2200253 454500
001 43779
005 20260407193511.0
008 260407s1993####ag###########|||spa#d
003 AR-UNSa-BCEJYS
040 _aAR-UNSa-BCEJYS
_bspa
_cAR-UNSa-BCEJYS
080 _a631
_xAgricultura en general
245 1 0 _aNovedades agropecuarias internacionales
264 1 _aBuenos Aires :
_bSAGyP
_c1993
310 _aFrecuencia: Quincenal
041 _aspa
942 _cSER
590 _aniveau_biblio:s niveau_hierar:1
100 1 _aArgentina. Ministerio de Economía y Obras y Servicios Públicos. Secretaría de Agricultura Ganadería y Pesca (SAGyP)
650 _aProducción agrícola
650 _aPRODUCCION AGRARIA
650 _aSECTOR AGRARIO
650 _aGANADERIA
856 4 1 _uhttps://biblioeco.unsa.edu.ar/pmb/images/revistas/R21382.jpg
_yImagen de portada
_qimage/jpeg
999 _c8914
_d8914